000 00310nam a2200133Ia 4500
005 20260326235456.0
008 260326s9999||||xx |||||||||||||| ||und||
100 _aRivalta, Luca
245 0 _aEric Owen Moss /
_cLuca Rivalta
260 _bEdil Stampa
300 _a175 p.
650 _aARQUITECTOS
942 _cBK
999 _c7933
_d7933